Driving Transformation=Menjuarai transformasi

Bibliographic Details
Main Author: Najib Tun Razak
Format: Book
Published: Kuala Lumpur : Institut Terjemahan & Buku Malaysia , 2011
Subjects:

MARC

LEADER 00000cam a2200000 7i4500
001 0000040230
005 20200908.0
008 140317
020 |a 9789830688305 
020 |a 9830688305 
090 0 0 |a 959.5   |b NAJ 
100 1 |a Najib Tun Razak 
245 1 0 |a Driving Transformation=Menjuarai transformasi   |c Najib Tun Razak 
260 |a Kuala Lumpur :   |b Institut Terjemahan & Buku Malaysia ,   |c 2011 
300 |a 76pg/82pg 
650 0 |a Malaysia   |x Economic conditions 
650 0 |a Malaysia   |x Politics and government 
650 0 |a Malaysia   |x Social conditions 
999 |a 0001278529   |b Book   |c Adult Collection   |e Cawangan Kota Tinggi 
999 |a 0001278530   |b Book   |c Adult Collection   |e Cawangan Pontian 
999 |a 0001278531   |b Book   |c Adult Collection   |e Cawangan Tmn. Ungku Tun Aminah 
999 |a 0001278532   |b Book   |c Adult Collection   |e Cawangan Segamat 
999 |a 0001278533   |b Book   |c Adult Collection   |e Cawangan AEON Kulaijaya 
999 |a 0001278534   |b Book   |c Adult Collection   |e Cawangan Bandar Penawar 
999 |a 0001278535   |b Book   |c Adult Collection   |e Cawangan Muar 
999 |a 0001278536   |b Book   |c Adult Collection   |e Cawangan Bandar Tenggara 
999 |a 0001278537   |b Book   |c Adult Collection   |e Cawangan Taman Sri Lambak 
999 |a 0001278539   |b Book   |c Adult Collection   |e Cawangan Mersing 
999 |a 0001278540   |b Book   |c Adult Collection   |e Cawangan Bukit Gambir 
999 |a 0001279229   |b Book   |c Adult Collection   |e Perbadanan Perpustakaan Awam Johor 
999 |a 0001462015   |b Book   |c Adult Collection   |e Cawangan Segamat 
999 |a 0001517751   |b Book   |c Annual Reports   |e Cawangan Bandar Penawar